| 000 | 004680000a22001930004500 | ||
|---|---|---|---|
| 003 | LK-CoMWRAF | ||
| 005 | 20231006092928.0 | ||
| 008 | 230817t1990 ||||| |||| 00| 0 eng d | ||
| 040 |
_aLK-CoMWRAF _dLK-CoMWRAF _eLK-CoMWRAF |
||
| 041 | _aeng | ||
| 082 |
_a297.095 _bAHM |
||
| 100 | _aAhmen, Qadeeruddin | ||
| 245 | _aIslam in our lives | ||
| 260 |
_aDelhi : _bAdam Publishers, _c1990 |
||
| 300 | _a199p | ||
| 500 | _abBibliography | ||
| 650 | _aIslam | ||
| 942 | _cBK | ||
| 999 |
_c2914 _d2914 |
||